Entrepreneurship (Record no. 18815)
[ view plain ]
| 000 -LEADER | |
|---|---|
| fixed length control field | 00362nam a22001577a 4500 |
| 005 - DATE AND TIME OF LATEST TRANSACTION | |
| control field | 20230623124052.0 |
| 008 - FIXED-LENGTH DATA ELEMENTS--GENERAL INFORMATION | |
| fixed length control field | 230623b |||||||| |||| 00| 0 eng d |
| 082 ## - DEWEY DECIMAL CLASSIFICATION NUMBER | |
| Classification number | 658.4212 |
| Item number | HIS-E |
| 100 ## - MAIN ENTRY--AUTHOR | |
| Author Name | Hisrich,Robert.D |
| 245 ## - TITLE STATEMENT | |
| Title | Entrepreneurship |
| 300 ## - PHYSICAL DESCRIPTION | |
| Pages | 602 |
| 500 ## - GENERAL NOTE | |
| General note | Index given |
| 650 ## - SUBJECT ADDED ENTRY--TOPICAL TERM | |
| Subject / Department | Management |
| 700 ## - ADDED ENTRY--PERSONAL NAME | |
| Personal name | Hisrich,Robert.D |
| 952 ## - LOCATION AND ITEM INFORMATION (KOHA) | |
| -- | 0 |
| -- | 0 |
| Lost status | Damaged status | Permanent Location | Current Location | Shelving Location | Date acquired | Full Call Number | Accession No./Barcode | Date last seen | item type |
|---|---|---|---|---|---|---|---|---|---|
| Superior Information Resource Center (SIRC) Superior University- Main Campus | Superior Information Resource Center (SIRC) Superior University- Main Campus | Management | 06/23/2023 | 658.421 HIS-E | 5077 | 06/23/2023 | BOOK |
